Giáo trình khoa học quản lý /

Guardat en:
Dades bibliogràfiques
Autor principal: Phạm Trọng Mạnh
Format: Sách giấy
Idioma:Vietnamese
Publicat: Hà Nội : Xây dựng , 1999
Etiquetes: Afegir etiqueta
Sense etiquetes, Sigues el primer a etiquetar aquest registre!
Thư viện lưu trữ: Thư viện Trường Đại học Đà Lạt
LEADER 00565nam a2200241 4500
001 DLU020017510
005 ##3/30/2001
020 # # |a 978- 
041 # # |a vie 
082 # # |a 650  |b PH-M 
100 # # |a Phạm Trọng Mạnh 
245 # # |a Giáo trình khoa học quản lý /  |c Phạm Trọng Mạnh 
260 # # |a Hà Nội :  |b Xây dựng ,  |c 1999 
300 # # |a 180 tr.;   |c 21 cm. 
992 # # |a 18000 
994 # # |a DLU 
900 # # |a False 
911 # # |a Administrator 
925 # # |a G 
926 # # |a A 
927 # # |a SH 
980 # # |a Thư viện Trường Đại học Đà Lạt